Palabra en tiempo / (Registro nro. 3906)

Detalles MARC
000 -LEADER
fixed length control field 00853nam a2200205Ia 4500
003 - CONTROL NUMBER IDENTIFIER
control field OSt
005 - DATE AND TIME OF LATEST TRANSACTION
control field 20250627124019.0
008 - FIXED-LENGTH DATA ELEMENTS--GENERAL INFORMATION
fixed length control field 191128s1989 ck er 000 p spa d
040 ## - CATALOGING SOURCE
Original cataloging agency CO-JMCR
Transcribing agency CO-JMCR
041 ## - LANGUAGE CODE
Language code of text/sound track or separate title spa
082 04 - DEWEY DECIMAL CLASSIFICATION NUMBER
Classification number A-P
Item number GAMp
100 1# - MAIN ENTRY--PERSONAL NAME
Personal name Gamboa, Octavio,
Dates associated with a name 1989
Relator term autor
9 (RLIN) 8779
245 10 - TITLE STATEMENT
Title Palabra en tiempo /
Statement of responsibility, etc. Octavio Gamboa
260 ## - PUBLICATION, DISTRIBUTION, ETC.
Place of publication, distribution, etc. Cali :
Name of publisher, distributor, etc. Editorial Pacífico ;
Date of publication, distribution, etc. 1989
300 ## - PHYSICAL DESCRIPTION
Extent 160 páginas ;
Dimensions 22 cm.
500 ## - GENERAL NOTE
General note Incluye fotografía y datos biográficos del autor en solapa frontal y posterior
505 ## - FORMATTED CONTENTS NOTE
Formatted contents note La poesía de Octavio Gamboa -- Palabra en el tiempo -- El otoño -- los amantes -- Sueño de las ofrendas -- Gilberto Garrido -- Antes de ir a Leningrado -- La parcela -- Cuando tú y yo bebemos vino -- Arké -- La sotana de Cesar Frank -- Eros y tanatos
650 14 - SUBJECT ADDED ENTRY--TOPICAL TERM
Topical term or geographic name entry element Poesía
9 (RLIN) 8780
942 ## - ADDED ENTRY ELEMENTS (KOHA)
Source of classification or shelving scheme Dewey Decimal Classification
Koha item type Books
Existencias
Withdrawn status Lost status Source of classification or shelving scheme Damaged status Not for loan Collection code Home library Current library Date acquired Source of acquisition Total Checkouts Total Renewals Full call number Barcode Date last seen Date last checked out Copy number Koha item type
    Dewey Decimal Classification     Fiction Biblioteca Pública José María del Castillo y Rada Biblioteca Pública José María del Castillo y Rada 11/28/2019 Donación 2 2 A-P GAMp 201808562 04/23/2026 03/05/2026 Ej.1 Books